000 00776nam a2200253Ia 4500
003 OSt
005 20221005080000.0
006 a|||||r|||| 00| 0
007 ta
008 221004b |||||||| |||| 00| 0 eng d
020 _a8172112092 (hbk)
_c950
024 _a94441
037 _b104, 23/03/2009, Standard Book House
_cTextual
040 _aCRL
_cCRL
_beng
041 _2eng
_aeng
082 _aV2z7, P6
100 _aMahesh Vikram
_9610177
245 0 _aIndia rediscovered
_b A new vision of history and call of the age
260 _aNew Delhi
_bNorthern Book Centre India
_c2006
300 _axxvi, 285p.
_ccm.
650 _aHISTORY
942 _hV2z7, P6
_cTEXL
_2cc
999 _c985508
_d985508